Smaragdové rúno

Bibliographic Details
Main Author: Žáry, Štefan, 1918-2007 (Author)
Other Authors: Cipár, Miroslav, 1935-2021 (Illustrator)
Format: Book
Language:Slovak
PhysicalDescription:96 s. ilustr. 21 cm
Published: Bratislava Slovenský spisovateľ 1977
Edition:1. vyd.
Series:Nová poézia
Subjects:

MARC

LEADER 00000cam a2200000 a 4500
001 vtls001105971
003 SK-MaSNL
005 20260301104444.0
008 250414s1977 xo a gr 0000p slo
015 |a SNBA1977/12 
020 |q (viaz.) 
035 |a SNK000048813 
040 |a SNK  |b slo  |c SNK  |e AACR2 
041 0 |a slo 
044 |a xo  |c SK 
072 7 |a 821.162.4-1  |x Slovenská poézia  |2 konspekt 
080 |a 885.4-1  |2 1981 
080 |a 821.162.4-1  |2 2011 
100 1 |a Žáry, Štefan,  |d 1918-2007  |4 aut  |9 105418 
245 1 0 |a Smaragdové rúno  |c Štefan Žáry ; ilustrácie Miroslav Cipár 
250 |a 1. vyd. 
260 |a Bratislava  |b Slovenský spisovateľ  |c 1977 
300 |a 96 s.  |b ilustr.  |c 21 cm 
366 |e 2500 výtl. 
490 1 |a Nová poézia 
500 |a Ilustr. na front. 
655 7 |a slovenská poézia  |2 SNKPH  |9 70444 
700 1 |a Cipár, Miroslav,  |d 1935-2021  |4 ill  |9 111749 
830 0 |a Nová poézia  |9 277095 
852 |a Slovenská národná knižnica 
954 |a beletria pôvodná (slovenská)  |2 lita 
958 |a OND 
958 |a TL 
958 |a LX 
999 |c 698145  |d 700075 
952 |t P60, <05>, [BOOK], {605}  |a SNK  |b SNK  |y PREZ  |7 0  |p 17A0119903  |o snkSC 42286 D1  |0 0  |1 0  |4 0  |d 1998-01-22  |l 0  |r 2004-12-31 00:00:00  |w 2026-02-23 
952 |a SNK  |b SNK  |y PREZ  |7 0  |p 17A0982444  |o snkSC 42286   |0 0  |1 0  |4 0  |d 2013-08-16  |l 0  |r 2025-10-17 00:00:00  |w 2026-02-23 
952 |a SNKLM  |b SNKLM  |y NEVYP  |7 0  |o snklmMK 481  |i snklm83/78  |8 3  |0 0  |1 0  |4 0  |d 2005-06-20  |l 0  |r 2026-02-23 20:48:18  |w 2026-02-23